University Home | Library Home | Institutional Repository

Ekstasis : (Record no. 139539)

MARC details
000 -LEADER
fixed length control field 00611cam7a220020500 4500
001 - CONTROL NUMBER
control field lce00475612
008 - FIXED-LENGTH DATA ELEMENTS--GENERAL INFORMATION
fixed length control field 781031s1959 cau 000 0 eng
010 ## - LIBRARY OF CONGRESS CONTROL NUMBER
LC control number 78317790
035 ## - SYSTEM CONTROL NUMBER
System control number (Sirsi) r10884
035 ## - SYSTEM CONTROL NUMBER
System control number (DLC) 78317790
035 ## - SYSTEM CONTROL NUMBER
System control number (UPRA)lce00475612
050 0# - LIBRARY OF CONGRESS CALL NUMBER
Classification number PS3562.A42
Item number E38
100 1# - MAIN ENTRY--PERSONAL NAME
Personal name Lamantia, Philip, 1927-
Dates associated with a name Lamantia, Philip, 1927-
Linkage A44930.1
245 10 - TITLE STATEMENT
Title Ekstasis :
Remainder of title [poems] /
Statement of responsibility, etc. Philip Lamantia.
260 ## - PUBLICATION, DISTRIBUTION, ETC.
Place of publication, distribution, etc. San Francisco :
Name of publisher, distributor, etc. Auerhahn Press,
Date of publication, distribution, etc. 1959.
500 ## - GENERAL NOTE
General note "950 copies."
500 ## - GENERAL NOTE
General note Poems.
949 ## - LOCAL PROCESSING INFORMATION (OCLC)
a PS3562.A42
w lcc
i -2674
m MAIN
t BOOK
l ON-SHELF

No items available.

© 2026 - The University of Zambia Library - Koha v25.11